000 00385nam a2200145Ia 4500
008 240624s9999 xx 000 0 und d
041 _aeng
082 _a330.072 MIK
100 _aMIKKELSEN BRITHA
245 _aMETHODS FOR DEVELOPMENT WORK AND RESEARC
250 _a(2nd ed.)
260 _c2005
_aNew Delhi
_bSage Publications India Pvt Ltd
300 _a384 : p.
365 _cRS
_b35
999 _c17467
_d17467